| 000 | 00655nam a22001697a 4500 | ||
|---|---|---|---|
| 008 | 100722t xxu||||| |||| 00| 0 eng d | ||
| 050 |
_aHF 5387 .H37 _b2002 |
||
| 100 | _aHartman, Laura Pincus. | ||
| 245 |
_aPerspectives in business ethics / _cLaura P. Hartman. |
||
| 250 | _a2nd ed. | ||
| 260 |
_aNew Delhi _bMcGraw-Hill _c2002 |
||
| 300 |
_axvii, 811p. ; _c23 cm |
||
| 500 | _aIncludes bibliographical references and index. | ||
| 650 | _aBusiness ethics. | ||
| 942 |
_2lcc _cBK |
||
| 999 |
_c36978 _d36978 |
||